Szkocka imigracja według państw - Statystyki

Ogólne statystyki
  • Ten quiz został rozwiązany 102 razy
    101 od ostatniego zresetowania
  • Średni wynik to 14 z 20
Statystyki odpowiedzi
Ludzie Państwo % Poprawnych
18 650 Irlandia
95%
71 250 Polska
93%
412 520 Anglia
92%
7 110 Francja
91%
16 084 Stany Zjednoczone
91%
19 052 Niemcy
90%
17 210 Walia
90%
12 400 Kanada
84%
7 800 Chiny
83%
21 000 Indie
81%
23 950 Włochy
81%
34 000 Irlandia Północna
72%
8 000 Pakistan
63%
7 300 Turcja
61%
7 710 Ukraina
60%
7 300 Brazylia
53%
21 650 Litwa
43%
13 080 Syria
39%
7 520 Republika Południowej Afryki
36%
25 300 Nigeria
32%
Nie znaleziono quizów pasujących do podanych kryteriów
Rozkład punktacji
Procent ludzi z każdym wynikiem
Percentyl według liczby udzielonych odpowiedzi
Twoja historia wyników
Nie rozwiązałeś tego quizu od ostatniego zresetowania